Adèle - Paroles Love in the Dark - Statistiques

Statistiques générales
  • Ce quiz a été pris 283 fois
  • Le résultat moyen est 204 sur 270
Statistiques - réponses
Hint Réponse % Correct
I
99%
I-I-I-I-I
99%
love
98%
you
98%
You
98%
can
97%
in
97%
the
97%
The
97%
dark
96%
a
95%
me
92%
can't
91%
we
91%
be
90%
it
89%
It
89%
it,
89%
so
89%
is
88%
to
88%
do
87%
your
87%
where
86%
apart
85%
Paroles Take
85%
like
84%
don't
83%
Don't
83%
we're
83%
We're
83%
are
81%
of
81%
change
80%
feels
80%
any
79%
eyes
79%
my
79%
I'm
78%
leave
78%
There
78%
oceans
77%
Every
76%
much
75%
stay
75%
us
75%
with
75%
between
74%
try
74%
live
73%
Please,
73%
This
73%
this
73%
come
72%
have
72%
space
72%
already
71%
anymore
71%
closer
71%
far
71%
kind
71%
off
71%
that
71%
been
70%
mind
70%
never
70%
before
69%
But
69%
'cause
69%
'Cause,
69%
watching
69%
here
68%
on
67%
time
67%
too
67%
Baby,
65%
being
65%
when
65%
ashamed
64%
thing
64%
cruel
63%
defeated
62%
Everything
62%
everything
62%
not
62%
ending,
60%
without
60%
more
58%
want
57%
changed
56%
given
56%
something
55%
and
54%
And
54%
only
54%
fall
53%
survive
53%
heart
52%
regret
51%
yeah-yeah-yeah-yeah-yeah-yeah
51%
yeah-yeah-yeah-yeah-yeah-yeah-yeah
51%
said,
50%
Stop
50%
word
50%
always
49%
asking
49%
brave
47%
just
47%
know
47%
I've
46%
life
46%
trying
46%
carry
45%
world
45%
breaking
44%
face
44%
fine
44%
mean
44%
all
42%
think
42%
I'll
41%
ones,
41%
ignore
40%
underestimate
39%
why
39%
will
38%
doubt
37%
save
37%
longer
35%
That's
35%
mustn't
34%
fight
31%
Ah
19%
ah
19%
Aucun quiz correspondant
Distribution des résultats
% des personnes avec chaque résultat
Percentile par nombre de réponses
Votre historique - résultats
Vous n’avez pas pris ce quiz